The art of war (Record no. 62719)
[ view plain ]
| 000 -LEADER | |
|---|---|
| fixed length control field | 00496nam a22001937a 4500 |
| 003 - CONTROL NUMBER IDENTIFIER | |
| control field | NUST - PNEC |
| 005 - DATE AND TIME OF LATEST TRANSACTION | |
| control field | 20170116180755.0 |
| 008 - FIXED-LENGTH DATA ELEMENTS--GENERAL INFORMATION | |
| fixed length control field | 150402b xxu||||| |||| 00| 0 eng d |
| 020 ## - INTERNATIONAL STANDARD BOOK NUMBER | |
| International Standard Book Number | 1590301854 |
| 040 ## - CATALOGING SOURCE | |
| Transcribing agency | LIBRARY |
| 082 ## - DEWEY DECIMAL CLASSIFICATION NUMBER | |
| Classification number | 355.02 SUN |
| 100 ## - MAIN ENTRY--PERSONAL NAME | |
| 9 (RLIN) | 2034 |
| Personal name | Cleary, Thomas F., 1949- |
| 245 ## - TITLE STATEMENT | |
| Title | The art of war |
| Statement of responsibility, etc. | Sun Tzu and Thomas Cleary |
| 250 ## - EDITION STATEMENT | |
| Edition statement | - |
| 260 ## - PUBLICATION, DISTRIBUTION, ETC. | |
| Place of publication, distribution, etc. | London |
| Name of publisher, distributor, etc. | Shambhala |
| Date of publication, distribution, etc. | C 1988 |
| 300 ## - PHYSICAL DESCRIPTION | |
| Extent | 223 . : |
| 650 ## - SUBJECT ADDED ENTRY--TOPICAL TERM | |
| 9 (RLIN) | 2036 |
| Topical term or geographic name entry element | The art of war |
| General subdivision | Gernal |
| 942 ## - ADDED ENTRY ELEMENTS (KOHA) | |
| Source of classification or shelving scheme | |
| Koha item type | Book |
| Withdrawn status | Lost status | Source of classification or shelving scheme | Damaged status | Not for loan | Permanent Location | Current Location | Shelving location | Date acquired | Source of acquisition | Cost, normal purchase price | Total Checkouts | Full call number | Barcode | Date last seen | Cost, replacement price | Price effective from | Koha item type |
|---|---|---|---|---|---|---|---|---|---|---|---|---|---|---|---|---|---|
| Pakistan Navy Engineering College (PNEC) | Pakistan Navy Engineering College (PNEC) | PN Book Club | 1150.00 | 355.02 SUN | PNECLIB-029146 | 04/02/2015 | 1150.00 | Book |
